000 00895nam a2200289 c 4500
003 BLK
005 20180420220619.0
008 180408b bul|||||r ||||||| ||bul||
010 _aKNG00035763000
020 _a954-492-067-6
_bиздат.: Нов златорог
040 _aBLK
041 _aBUL
_cBUL
080 _aФренска литература
_b821.133.1
_x-31
_z821.133.1-31
100 1 _aБерже, Ив
_eпърви автор
_9270347
139 _aБерже, Ив
_bБ 38
245 1 0 _aСветът след дъжда
_bРоман
_cИв Берже.
257 _aFRA
260 София
_bНов златорог
_c2000
300 _a231 с.
_c16 см
380 _aX
490 1 _aМодерни романи
852 _aЦб І 30346
856 4 _qpdf
_u
856 4 _qpdf
_u
942 _cKNG
_n0
944 _aCR
_c15.01.2003
_kAB_DOS
944 _aED
_c09.02.2017
_kТони_Иванов
999 _c33080
_d33080